01110nam a2200193Ia 4500001001100000003001000011008004100021040002500062041001300087100002300100245003300123250001100156260006700167300002700234500026000261501011400521520026000635650002100895L261-18327IT-CnALBA170116s9999||||xx |||||||||||||| ||und|| aIT-CnALBAcIT-CnALBA aITALIANO aDAUPHIN A.-MEUNIER 0aLA CHIESA E IL CAPITALISMO.  a1a ed. aCINISELLO BALSAMO (MI)bEDIZIONI PAOLINEc1956 [1° Ed.: n.d.] a157 p. (prefazione: 5) aTRADUZIONE DAL FRANCESE DI FRANCA ZAMBONINI. CONFRONTA DOCUMENTO 11215: DOPPIONE. REGIME CAPITALISTA. MEDIOEVO. CANONISTI E SCOLASTICI. REAZIONE LUTERANA. CALVINISMO. SISTEMA BORGHESE. SECOLI XVI E XVII. AGRARIA CATTOLICA. GESUITI. PARROCCHIE CANADESI. CL aSocietà San Paolo EM - Piazza San Paolo, 14 - 12051 ALBA (CN) (non commercial uses only) ® Copyright 2017 aTRADUZIONE DAL FRANCESE DI FRANCA ZAMBONINI. CONFRONTA DOCUMENTO 11215: DOPPIONE. REGIME CAPITALISTA. MEDIOEVO. CANONISTI E SCOLASTICI. REAZIONE LUTERANA. CALVINISMO. SISTEMA BORGHESE. SECOLI XVI E XVII. AGRARIA CATTOLICA. GESUITI. PARROCCHIE CANADESI. CL aTEOLOGIA SOCIALE